=LDR 00000nam 2200000 4500 =001 INLIS000000000020339 =005 20130612115310 =008 ***********************************ind** =035 ##$$a0010-061300000020339 =041 ##$$a ind =082 ##$$a 631.4 =090 ##$$a 631.4, Han d =100 ##$$a Hanafiah, Kemas =245 ##$$a Dasar-dasar ilmu tanah, Kemas Hanafiah =260 ##$$a 2005 $b Jakarta =300 ##$$a xxvi, 360 hlm, 21 cm =650 ##$$a Tanah, Ilmu =850 ##$$a NBPNMAT =990 ##$$a 90790/BPAP-NTB/2014